Poníci od stříbrné řeky. Dům na vřesovišti /
Další příběh jedenáctileté Poppy a jejího poníka Neba, tentokrát řeší nejen neshody s kamarádkou Scarlett, ale hlavně záhadu tajemného domu.
Uloženo v:
| Série: | Poníci od stříbrné řeky,
část 5 |
|---|---|
| Hlavní autor: | |
| Další autoři: | |
| Médium: | E-kniha |
| Jazyk: | Czech |
| Vydáno: |
Praha :
Fragment,
2022
|
| Vydání: | 1. vydání |
| Témata: | |
| Příbuzné jednotky: | Z cyklu::
Poníci od stříbrné řeky |
| Tagy: |
Žádné tagy |
| LEADER | 02796nam a2200505 i 4500 | ||
|---|---|---|---|
| 001 | 311549 | ||
| 003 | CZ PrSKC | ||
| 005 | 20260601215707.0 | ||
| 007 | ta | ||
| 008 | 220427s2022 xr c 000 f cze | ||
| 015 | |a cnb003418306 | ||
| 020 | |a 9788025357187 |q (vázáno) : |c Kč 249,00 | ||
| 035 | |a (OCoLC)1329409465 | ||
| 040 | |a OLA001 |b cze |e rda | ||
| 041 | 1 | |a cze |h eng | |
| 072 | 7 | |a 821.111-3 |x Anglická próza, anglicky psaná |2 Konspekt | |
| 072 | 7 | |a 821-93 |x Literatura pro děti a mládež (beletrie) |2 Konspekt | |
| 080 | |a 821.111-31 |2 MRF | ||
| 080 | |a 821-93 |2 MRF | ||
| 080 | |a (0:82-31) |2 MRF | ||
| 100 | 1 | |a Wills, Amanda |7 xx0240945 |4 aut | |
| 240 | 1 | 0 | |a Secret of witch cottage. |l Česky |
| 245 | 1 | 0 | |a Poníci od stříbrné řeky. |p Dům na vřesovišti / |c Amanda Willsová ; z anglického originálu The secret of witch cottage ... přeložila Romana Kempná |
| 246 | 3 | 0 | |a Dům na vřesovišti |
| 250 | |a 1. vydání | ||
| 264 | 1 | |a Praha : |b Fragment, |c 2022 | |
| 300 | |a 118 stran ; |c 20 cm | ||
| 336 | |a text |b txt |2 rdacontent | ||
| 337 | |a bez média |b n |2 rdamedia | ||
| 338 | |a svazek |b nc |2 rdacarrier | ||
| 500 | |a Na hřbetu označení svazku: 5 | ||
| 520 | 2 | |a Další příběh jedenáctileté Poppy a jejího poníka Neba, tentokrát řeší nejen neshody s kamarádkou Scarlett, ale hlavně záhadu tajemného domu. |b Když Poppy narazí na opuštěný dům vysoko na vřesovišti, netuší, jaká tajemství skrývá. Říká se, že v něm straší, může se tam ale dít i něco mnohem zlověstnějšího? A co s ním má společného Jodie Morganová, bodrá majitelka místní charitativní organizace na záchranu koní, která je na pokraji krachu? Poppy tuší, že ta žena má tajemství. A to je třeba rozluštit dřív, než Jodie udělá strašlivou chybu, kterou ohrozí nejen koně, ale i vlastní budoucnost. Nakladatelská anotace. | |
| 521 | 8 | |a Pro čtenáře od 11 let | |
| 655 | 7 | |a anglické romány |7 fd131814 |2 czenas | |
| 655 | 7 | |a publikace pro děti |7 fd133156 |2 czenas | |
| 655 | 9 | |a English fiction |2 eczenas | |
| 655 | 9 | |a children's literature |2 eczenas | |
| 700 | 1 | |a Neumanová, Romana, |d 1967- |7 ola2003193804 |4 trl | |
| 787 | 0 | 8 | |i Z cyklu: |t Poníci od stříbrné řeky |g 5 |
| 900 | |a ABA001 |b 21 | ||
| 928 | 9 | |a Albatros Media - Fragment | |
| 044 | |a xr | ||
| 910 | |a RBIT002 | ||
| 998 | |d 350888 |a https://core.palmknihy.cz/api/books/350888/cover?si80yo |b https://core.palmknihy.cz/api/books/350888/cover/400?si80yo |c https://core.palmknihy.cz/api/books/350888/cover/50?si80yo |e 2028-09-15 |g 128 |i 9788025357187 |j https://core.palmknihy.cz/api/books/350888/preview.epub |k https://core.palmknihy.cz/api/books/350888/preview.pdf |l |q 49 |r 1 |s https://www.palmknihy.cz/kniha/350888 |t ebook |y 2022 |z 0 |v Poníci od stříbrné řeky |w 5 | ||
| 999 | |d 311547 | ||